|
|
|
|
| LEADER |
00000cam a2200000 a 4500 |
| 001 |
77938 |
| 005 |
20231218092407.0 |
| 008 |
000000|1971 ||||||||r|||||||||||spa|| |
| 040 |
|
|
|b spa
|
| 041 |
1 |
|
|a spa
|
| 082 |
0 |
|
|a 951.05
|
| 100 |
1 |
|
|a Daubier, Jean
|9 62475
|
| 245 |
|
|
|a Historia de la revolución cultural proletaria en China
|c Jean Daubier, trad. Jaime Goded y Alejandro Licona
|h imp
|
| 250 |
|
|
|a 2a ed.,
|
| 264 |
|
|
|a México
|b Siglo Veintiuno Editores
|c 1971
|
| 300 |
|
|
|a 434 páginas:
|c 18 cm
|
| 504 |
|
|
|a incl. ref.
|
| 650 |
1 |
|
|a China
|9 1210
|
| 650 |
1 |
|
|a Historia de china
|9 10452
|
| 650 |
1 |
4 |
|a Revolución china
|9 40687
|
| 852 |
|
|
|a UC-CDJBV
|c ESTANTERIA CERRADA
|f Donación
|k mariana.feican
|l 1
|m General
|p 00000000
|r 2
|t 77938
|b 0
|d CDRC
|e CDRC
|g 951.05 ESTANTERIA CERRADA
|z 0000-00-00
|
| 942 |
|
|
|c BK
|
| 999 |
|
|
|c 41540
|d 41540
|